LIBRARY & INFORMATION CENTRE, KCAET, TAVANUR

ONLINE PUBLIC ACCESS CATALOGUE (OPAC)

Soil Mechanics and Foundation Engineering (Record no. 14164)

MARC details
000 -LEADER
fixed length control field 00305nam a22001217a 4500
020 ## - INTERNATIONAL STANDARD BOOK NUMBER
ISBN 9788189401306
082 ## - DEWEY DECIMAL CLASSIFICATION NUMBER
Classification number 624.15136
Item number MOD/SO
100 ## - MAIN ENTRY--AUTHOR NAME
Personal name Modi, P N
245 ## - TITLE STATEMENT
Title Soil Mechanics and Foundation Engineering
260 ## - PUBLICATION, DISTRIBUTION, ETC. (IMPRINT)
Place of publication New Delhi
Name of publisher Standard Book House
Year of publication 2010
300 ## - PHYSICAL DESCRIPTION
Number of Pages 1001
942 ## - ADDED ENTRY ELEMENTS (KOHA)
Koha item type Books
Holdings
Withdrawn status Lost status Damaged status Home library Current library Date acquired Full call number Accession Number Koha item type
      KAUAET KAUAET 26/08/2022 624.15136 MOD/SO 24115 Books
free website counter